Kashmir in the crossfire (Record no. 220902)
[ view plain ]
| 000 -LEADER | |
|---|---|
| fixed length control field | 00610nam a22002177a 4500 |
| 005 - DATE AND TIME OF LATEST TRANSACTION | |
| control field | 20211209092632.0 |
| 008 - FIXED-LENGTH DATA ELEMENTS--GENERAL INFORMATION | |
| fixed length control field | 211209b ||||| |||| 00| 0 eng d |
| 020 ## - INTERNATIONAL STANDARD BOOK NUMBER | |
| International Standard Book Number | 8185617619 |
| 040 ## - CATALOGING SOURCE | |
| Transcribing agency | AL |
| 041 ## - LANGUAGE CODE | |
| Language code of text/sound track or separate title | Eng |
| 082 ## - DEWEY DECIMAL CLASSIFICATION NUMBER | |
| Edition number | 23 |
| Classification number | 954.6 |
| Item number | SCHK |
| 100 ## - MAIN ENTRY--PERSONAL NAME | |
| Personal name | Victoria Schofield |
| 100 ## - MAIN ENTRY--PERSONAL NAME | |
| 9 (RLIN) | 11371 |
| 245 ## - TITLE STATEMENT | |
| Title | Kashmir in the crossfire |
| 260 ## - PUBLICATION, DISTRIBUTION, ETC. | |
| Place of publication, distribution, etc. | New Delhi |
| Name of publisher, distributor, etc. | Viva Books Private Limited |
| Date of publication, distribution, etc. | 1997 |
| 300 ## - PHYSICAL DESCRIPTION | |
| Extent | xiii,354 p. |
| Other physical details | HB |
| Dimensions | 23.5x15.5 cm. |
| 365 ## - TRADE PRICE | |
| Price amount | ₹595.00 |
| Currency code | ₹ |
| Unit of pricing | ₹595.00 |
| 650 ## - SUBJECT ADDED ENTRY--TOPICAL TERM | |
| Topical term or geographic name entry element | Kashmir |
| 9 (RLIN) | 11372 |
| 650 ## - SUBJECT ADDED ENTRY--TOPICAL TERM | |
| Topical term or geographic name entry element | Self-determination |
| 9 (RLIN) | 11373 |
| 700 ## - ADDED ENTRY--PERSONAL NAME | |
| Personal name | SCHOFIELD (Victoria) |
| 9 (RLIN) | 11374 |
| 942 ## - ADDED ENTRY ELEMENTS (KOHA) | |
| Source of classification or shelving scheme | Dewey Decimal Classification |
| Koha item type | George Fernandes Collections |
| Withdrawn status | Lost status | Source of classification or shelving scheme | Damaged status | Not for loan | Collection code | Home library | Current library | Date acquired | Total Checkouts | Full call number | Barcode | Date last seen | Price effective from | Koha item type |
|---|---|---|---|---|---|---|---|---|---|---|---|---|---|---|
| Dewey Decimal Classification | History | St Aloysius Library | St Aloysius Library | 03/24/2013 | 954.6 SCHK | GF00887 | 12/09/2021 | 12/09/2021 | George Fernandes Collections |